000 00384nam a22001217a 4500
040 _cRUA
082 _aLGW ប្រាជ្ញ 2013 C160 Or.1
100 _aប្រាជ្ញ វិជ័យ,
245 _aAnalytical Thinking, ការគិតបែបវិភាគ
260 _aPHNOM PENH
_bRUA
_c2017
300 _a183p.
_bill.
_c22cm.
942 _cអភិវឌ្ឍន៍
999 _c25663
_d25663